MIB-tár létrehozása

Elmentve itt :
Bibliográfiai részletek
Szerző: Jenei Krisztián
További közreműködők: Bilicki Vilmos (Témavezető)
Dokumentumtípus: Szakdolgozat
Megjelent: 2007-06-18
Tárgyszavak:
Online Access:http://diploma.bibl.u-szeged.hu/3053
LEADER 00765nta a2200181 i 4500
001 dipl3053
005 20130314072147.0
008 110422s2007 hu om 0|| hun d
040 |a SZTE Diploma Repozitórium  |b hun 
041 |a hun 
100 1 |a Jenei Krisztián 
245 1 0 |a MIB-tár létrehozása  |h [elektronikus dokumentum] /  |c Krisztián Jenei 
260 |c 2007-06-18 
650 4 |a Informatika 
700 1 |a Bilicki Vilmos  |e ths 
856 4 0 |u http://diploma.bibl.u-szeged.hu/id/eprint/3053/1/diplomamunka.pdf  |z Dokumentum-elérés  
856 4 0 |u http://diploma.bibl.u-szeged.hu/id/eprint/3053/2/2007_jenei_krisztian_07_51_melleklet.tgz  |z Dokumentum-elérés  
856 4 0 |u http://diploma.bibl.u-szeged.hu/id/eprint/3053/3/2007_jenei_krisztian_07_51_biralat.pdf  |z Dokumentum-elérés